A History of Yiddish literature / (Запис № 507054)
[ простий вигляд ]
| 000 -LEADER | |
|---|---|
| fixed length control field | 01611cam a2200349Li 4500 |
| 001 - CONTROL NUMBER | |
| control field | historyofyiddish00lipt |
| 003 - CONTROL NUMBER IDENTIFIER | |
| control field | CaSfIA |
| 005 - DATE AND TIME OF LATEST TRANSACTION | |
| control field | 20210118100418.0 |
| 007 - PHYSICAL DESCRIPTION FIXED FIELD--GENERAL INFORMATION | |
| fixed length control field | cr|||| |
| 008 - FIXED-LENGTH DATA ELEMENTS--GENERAL INFORMATION | |
| fixed length control field | 740101s1972 xx 000 0 und d |
| 040 ## - CATALOGING SOURCE | |
| Original cataloging agency | BDF |
| Language of cataloging | fre |
| Transcribing agency | BDF |
| Modifying agency | CaSfIA |
| 015 ## - NATIONAL BIBLIOGRAPHY NUMBER | |
| National bibliography number | 57401219 |
| Source | bnf |
| 016 7# - NATIONAL BIBLIOGRAPHIC AGENCY CONTROL NUMBER | |
| Record control number | FRBNF35440484000000X |
| Source | FrPBN |
| 020 ## - INTERNATIONAL STANDARD BOOK NUMBER | |
| International Standard Book Number | 0824601246 |
| 020 ## - INTERNATIONAL STANDARD BOOK NUMBER | |
| International Standard Book Number | 9780824601249 |
| 035 ## - SYSTEM CONTROL NUMBER | |
| System control number | (OCoLC)463523232 |
| 100 1# - MAIN ENTRY--PERSONAL NAME | |
| Personal name | Liptzin, Sol. |
| Relator code | aut |
| 245 12 - TITLE STATEMENT | |
| Title | A History of Yiddish literature / |
| Medium | [electronic resource] |
| Statement of responsibility, etc | Sol Liptzin. |
| 260 ## - PUBLICATION, DISTRIBUTION, ETC. (IMPRINT) | |
| Place of publication, distribution, etc | Middle Village : |
| Name of publisher, distributor, etc | N.Y. : |
| -- | Jonathan David publ., |
| Date of publication, distribution, etc | [cop. 1972] |
| 300 ## - PHYSICAL DESCRIPTION | |
| Extent | X-521 p. ; |
| Dimensions | 24 cm. |
| 500 ## - GENERAL NOTE | |
| General note | Bibliogr. p. 501 à 507. Index. |
| 506 ## - RESTRICTIONS ON ACCESS NOTE | |
| Standardized terminology for access restriction | Необхідна авторизація на https://archive.org/ (створення облікового запису безкоштовно) |
| 506 ## - RESTRICTIONS ON ACCESS NOTE | |
| Standardized terminology for access restriction | Необхідна авторизація на https://openlibrary.org/ (створення облікового запису безкоштовно) |
| 856 42 - ELECTRONIC LOCATION AND ACCESS | |
| Materials specified | Notice et cote du catalogue de la Bibliothèque nationale de France |
| Uniform Resource Identifier | <a href="http://catalogue.bnf.fr/ark:/12148/cb35440484j">http://catalogue.bnf.fr/ark:/12148/cb35440484j</a> |
| 856 41 - ELECTRONIC LOCATION AND ACCESS | |
| Uniform Resource Identifier | <a href="http://www.archive.org/details/historyofyiddish00lipt">http://www.archive.org/details/historyofyiddish00lipt</a> |
| Public note | Free eBook from the Internet Archive |
| 856 42 - ELECTRONIC LOCATION AND ACCESS | |
| Uniform Resource Identifier | <a href="http://www.openlibrary.org/books/OL24382510M">http://www.openlibrary.org/books/OL24382510M</a> |
| Public note | Additional information and access via Open Library |
| 886 1# - FOREIGN MARC INFORMATION FIELD | |
| 2 | intermrc |
| a | 009 |
| b | ax-x--------------- |
| 886 2# - FOREIGN MARC INFORMATION FIELD | |
| 2 | intermrc |
| a | 917 |
| b | -- |
| o | OPL |
| a | 01291935X |
| 886 2# - FOREIGN MARC INFORMATION FIELD | |
| 2 | intermrc |
| a | 918 |
| b | -- |
| o | OPL |
| a | 00019185 |
| b | MON013 |
| 886 2# - FOREIGN MARC INFORMATION FIELD | |
| 2 | intermrc |
| a | 919 |
| b | -- |
| p | FR |
| o | NCG |
| a | N0607900000 |
| 942 ## - ADDED ENTRY ELEMENTS (KOHA) | |
| Koha item type | ЕКнига |
Немає доступних примірників.